01516cam a22003737a 45000010005000000030006000050050017000110080041000280100017000690150019000860160018001050200025001230200018001480200022001660350024001880400051002120420014002630500021002770820015002981000017003132450073003302500032004032600032004353000040004674900035005075000020005425200227005626510063007896510070008526510073009226510073009957000038010688300036011062380FISKH20240126122147.0140911r20092005enka j 001 0 eng  a 2014432701 aGBA9045762bnb7 a0148778942Uk a9781407109671 (pbk.) a9781407104195 a1407109677 (pbk.) a(OCoLC)ocn298599363 aUKMbengcUKMdBTCTAdYDXCPdOCLCQdOCLCFdDLC alccopycat00aDA480b.D43 200904a941.072221 aDeary, Terry14aThe gorgeous Georgians /cTerry Deary ; illustrated by Martin Brown. aThis edition published 2007 aLondon :bScholastic,c1998 a139 pages :billustrations ;c20 cm1 aHorrible histories collections aIncludes index. aLearn all about the Gorgeous Georgians, like their sneaky schemes for hiding personal hygiene problems and the schoolchildren who went to war with their teachers! With a bold, accessible new look and revised by the author. 0aGreat BritainxHistoryy18th centuryvJuvenile literature. 0aGreat BritainxHistoryyVictoria, 1837-1901vJuvenile literature. 0aGreat BritainxSocial conditionsy18th centuryvJuvenile literature. 0aGreat BritainxSocial conditionsy19th centuryvJuvenile literature.1 aBrown, Martind1959-eillustrator 0aHorrible histories collections.